Escudos de times do Campeonato Saudita - Statistics

Estatísticas Gerais
  • Esse quiz foi jogado 35 vezes
  • A pontuação média é 16 de 18
Estatísticas das Respostas
Imagem Resposta % Correto
Al-Ahli
100%
Al-Ittihad
100%
Al-Nassr
100%
Al-Ettifaq
97%
Al Fateh
97%
Al-Kholood
97%
Al-Orobah
97%
Al-Raed
97%
Al-Riyadh
97%
Al Shabab
97%
Al-Fayha
94%
Al-Hilal
94%
Al Khaleej
91%
Al-Okhdood
88%
Al Wehda
88%
Damac
84%
Al Taawon
34%
Al Qadisiya
9%
Nenhum quiz correspondente encontrado
Distribuição das Pontuações
Porcentagem de Pessoas com Cada Pontuação
Percentil de Números Respondidos
Sua Pontuação Histórica
Você não jogou esse quiz